01323nam a2200325 i 4500003000900000005001700009008004100026040004600067041000800113082002600121092000700147099003600154100004200190245008800232264004700320300003200367336002200399337002400421338003300445504006100478546011600539650003500655650002400690651001000714856005700724905000700781942001900788999001700807952017300824EG-GICUC20260121101513.0251216m19911412ts ||| ||||| 00| 0 ara|d a EG-GICUCbarac EG-GICUCd EG-GICUCerda aara04221a343.6bح س . ن04221 aLaw1 10 343.6 ح س . ن 1991 0 aحسن محمد ربيعeمؤلف.10aمبادئ علمي الإجرام والعقاب /cحسن محمد ربيع. 1aدبي :bكلية شرطة دبي,c1991. a؛ 623 صفحة c24 سم. 2rda contentatext 2rda mediaaComputer 2rda carrieraOnline Resource aيحتوي على ارجاعات ببليوجرافية  aالنص أغلبه باللغة العربية بعض النصوص الإنجليزية والفرنسية14aعلم الإجرام2qrmak14aعلم العقاب1 2qrmak40uhttps://fll.law.cu.edu.eg/fulltext/bks/B10-07109.pdf a75 2ddccBKe21n0 c50987d50987 00102ddc40718القانون الجنائيaCUbLAW1d2025-12-16l0oLaw1 10 343.6 ح س . ن 1991 1007109 C1pB10-07109r2025-12-16 18:14:06t1w2025-12-16yBK